| 000 | 00910aam a2200253 a 4500 | ||
|---|---|---|---|
| 999 |
_c392566 _d392566 |
||
| 003 | BLK | ||
| 005 | 20250107115354.0 | ||
| 008 | 180928b bul||||| |||| 00| 0 bul d | ||
| 020 | _a9789542833178 | ||
| 040 | _aBLK | ||
| 041 |
_aBUL _cBUL |
||
| 080 |
_aИспанска литература _b821.134.2 _x(82)-31 _z821.134.2(82)-31 |
||
| 100 |
_aАрбина, Алваро _91299 _eпърви автор |
||
| 139 |
_aАрбина, Алваро _bА 81 |
||
| 245 |
_aСимфония на времето _cАлваро Арбина; прев. от исп. Светла Христова |
||
| 257 | _aSPA | ||
| 260 |
_bСиела Норма _c2020 _aСофия _9217021 _n978-954-28- |
||
| 300 |
_a559 с. _c20 см |
||
| 380 | _aX | ||
| 700 |
_9966 _aХристова, Светла _eпрев. |
||
| 852 |
_bП _aП 821-31/А 81 А |
||
| 942 |
_cKNG _2udc _n0 _043 _s1 |
||
| 944 |
_k30530 _lМинев Младен |
||